| 000 | 00937cam a22003013a 4500 | ||
|---|---|---|---|
| 001 | 9359 | ||
| 003 | PGUSA | ||
| 005 | 20140828083211.0 | ||
| 008 | 051101s2005||||xxu|||||s|||||000 1 eng d | ||
| 040 |
_aPGUSA _beng |
||
| 042 | _adc | ||
| 050 | 4 | _aPR | |
| 100 | 1 |
_aConrad, Joseph, _d1857-1924 |
|
| 245 | 1 | 0 |
_aUnder Western Eyes _h[electronic resource] / _cJoseph Conrad |
| 260 |
_bProject Gutenberg, _c2005 |
||
| 506 | _aCopyrighted. Read the copyright notice inside this book for details. | ||
| 516 | _aElectronic text | ||
| 653 | _aRussia -- History -- 1904-1914 -- Fiction | ||
| 653 | _aGeneva (Switzerland) -- Fiction | ||
| 653 | _aSaint Petersburg (Russia) -- Fiction | ||
| 653 | _aCollege students -- Fiction | ||
| 653 | _aBombings -- Fiction | ||
| 653 | _aPolitical fiction | ||
| 653 | _aTerrorism -- Fiction | ||
| 830 | 0 |
_aProject Gutenberg _v9359 |
|
| 856 | 4 | 0 | _uhttp://www.gutenberg.org/ebooks/9359 |
| 942 | _cAB | ||
| 999 |
_c238615 _d238615 |
||